| 000 | 00602cam a2200157 4500 | ||
|---|---|---|---|
| 082 |
_a355.00942 _bFOR |
||
| 100 | 1 |
_aFortescue, J. W. _949223 |
|
| 245 | 1 | 2 |
_aA history of the British army, _cby the Hon. J. W. Fortescue. |
| 260 |
_aLondon, _bMacmillan and co., limited; _aNew York, _bThe Macmillan company, _c1899-1930. |
||
| 300 |
_a13 v. in 14. _bmaps (part fold.) plans (part fold.) _c23 cm. |
||
| 500 | _a"Maps and plans" illustrating vol. IV has half-title only. | ||
| 526 |
_a0 _b0 _c0 _d355_009420000000000_FOR |
||
| 526 |
_a0 _b0 _c0 _d355_009420000000000_FOR |
||
| 650 |
_aMCE _9379 |
||
| 942 |
_2ddc _cBK |
||
| 999 |
_c552241 _d552241 |
||